[Event "Match"]
[Site "www.echecsemail.com"]
[Date "2017.05.21"]
[Round "1"]
[White "Orae"]
[Black "Cal"]
[WhiteElo "1710"]
[BlackElo "1640"]
[Result "1-0"]
[Round "1"]
1.e4 e5
2.Ng1f3 d6
3.d4 exd4
4.Nf3xd4 c5
5.Nd4b3 h6
6.Qd1e2 Ng8f6
7.e5 Nf6d5
8.Qe2b5 Bc8d7
9.Qb5xb7 Bd7c6
10.Bf1b5 Bc6xb5
11.Qb7xb5 Nb8d7
12.Qb5b7 Nd5c7
13.Qb7f3 Nd7xe5
14.Qf3e2 Bf8e7
15.O-O O-O
16.Qe2e3 Nc7d5
17.Qe3e1 c4
18.Nb3d4 Rf8e8
19.Nb1c3 Nd5xc3
20.Qe1xc3 Be7f6
21.Rf1d1 Qd8b6
22.Bc1e3 Qb6b7
23.b3 Ne5g4
24.h3 Ng4e5
25.Qc3d2 Bf6h4
26.Nd4f5 Bh4f6
27.Nf5xd6 Ne5f3
28.gxf3 Qb7xf3
29.Nd6xe8 Ra8xe8
30.Ra1b1 Qf3xh3
31.f4 Qh3g3
32.Kh1 Re8xe3
33.Rd1g1 Qg3xf4
34.Qd2h2 Qf4e4
35.Rg1g2 Re3e2
36.Rb1g1 Bf6d4
37.Qh2b8 Kh7
38.Qb8g3 g6
39.Qg3g4 Qe4xg4
40.Rg2xg4 Bd4xg1
41.Rg4xg1 cxb3
42.axb3 Re2xc2
43.Rg1a1 Rc2b2
44.Ra1xa7 Rb2xb3
45.Ra7xf7 Kg8
46.Rf7f6 Kg7
47.Rf6d6 h5
48.Rd6d7 Kh6
49.Kg2 h4
50.Rd7d4 Kh5
51.Rd4d5 g5
52.Kh2 Kg4
53.Rd5d4 Kf3
54.Kh3 Kf2
55.Kg4 Rb3g3
56.Kh5 h3
57.Rd4d2 Kg1
58.Rd2d1 Kf2
59.Rd1d2 Ke1
60.Rd2c2 Rg3g2
61.Rc2c1 Kd2
62.Rc1h1 g4
63.Kh4 Ke3
64.Rh1e1 Kf2
65.Re1c1 h2
66.Rc1h1 g3
67.Kh3 Kf3
68.Rh1f1 Rg2f2
69.Rf1h1 g2
70.Kxh2 Rf2f1
71.Rh1g1 { resign }
1-0

[Event "1/4 Finale"]
[Site "www.chess-mail.com"]
[Date "2017.05.21"]
[Round "1"]
[White "Manolinex"]
[Black "Jose"]
[WhiteElo "2900"]
[BlackElo "2800"]
[Result "1/2-1/2"]
[Round "1"]
1.e4 c5
2.Ng1f3 d6
3.d4 cxd4
4.Nf3xd4 Ng8f6
5.Nb1c3 g6
6.f3 Bf8g7
7.Bc1e3 O-O
8.Qd1d2 Nb8c6
9.g4 Bc8e6
10.Nd4xe6 fxe6
11.O-O-O Nc6e5
12.Bf1e2 Qd8c8
13.Be3h6 Bg7xh6
14.Qd2xh6 Qc8c5
15.h4 Ra8c8
16.h5 gxh5
17.gxh5 Kh8
18.Qh6d2 b5
19.Nc3xb5 Ne5xf3
20.Be2xf3 Qc5xb5
21.c3 Nf6d7
22.Bf3e2 Qb5a4
23.Qd2d4 Qa4xd4
24.Rd1xd4 Rf8f2
25.Kd1 e5
26.Rd4b4 Nd7c5
27.Rh1f1 Rf2xf1
28.Be2xf1 Kg7
29.Rb4c4 Rc8f8
30.Bf1e2 Rf8f4
31.b4 Nc5xe4
32.a4 Kf6
33.a5 Rf4h4
34.b5 Rh4h1
35.Kc2 Ne4c5
36.b6 axb6
37.axb6 Rh1g1
38.Be2f3 Rg1g8
39.h6 Rg8b8
40.Rc4b4 Kg5
41.Bf3c6 Kxh6
42.b7 Kg6
43.Rb4b1 h5
44.Rb1a1 h4
45.Ra1a8 Rb8xb7
46.Bc6xb7 Nc5xb7
47.Ra8h8 Kg5
48.Rh8g8 Kf4
49.Rg8f8 Kg3
50.Rf8g8 Kf4
51.Rg8e8 Nb7c5
52.Re8xe7 Nc5e4
53.Re7h7 Kg3
54.Rh7g7 Kf3
55.Rg7h7 Kg4
56.Kd3 Ne4g3
57.Ke3 h3
58.Rh7g7 Kh4
59.Kf2 Ng3h5
60.Rg7g8 d5
61.Rg8h8 Kg5
62.Rh8e8 Nh5f6
63.Re8xe5 Kf4
{ draw }
1/2-1/2

[Event "1/128 Finale"]
[Site "www.chess-mail.com"]
[Date "2017.05.21"]
[Round "1"]
[White "Bojan"]
[Black "Balbyns"]
[WhiteElo "2010"]
[BlackElo "1930"]
[Result "0-1"]
[Round "1"]
1.e4 e5
2.Ng1f3 Nb8c6
3.c3 Ng8f6
4.d3 d5
5.exd5 Qd8xd5
6.Bc1g5 Bf8e7
7.Qd1c2 h6
8.Bg5h4 Bc8f5
9.Nb1d2 O-O-O
10.Qc2b3 Qd5xb3
11.axb3 Bf5xd3
12.Bf1e2 Rh8e8
13.Bh4g3 Bd3xe2
14.Kxe2 e4
15.Nf3h4 g6
16.f3 exf3
17.Nh4xf3 Be7d6
18.Kf2 Nf6g4
19.Kf1 Bd6xg3
20.hxg3 Kb8
21.Ra1e1 Re8xe1
22.Kxe1 Rd8e8
23.Kf1 h5
24.Nf3g5 Re8e5
25.Nd2f3 Re5f5
26.Ke2 Nc6e5
27.Rh1d1 Kc8
28.Ng5h3 Ne5xf3
29.gxf3 Rf5e5
30.Kd2 Re5d5
31.Ke2 Rd5xd1
32.Kxd1 Ng4e5
33.Ke2 Kd7
34.Ke3 c5
35.Nh3g5 Ke7
36.Ke4 f6
37.Ng5h3 Ne5c6
38.Kd5 Nc6a5
39.Kxc5 Na5xb3
40.Kd5 g5
41.Nh3f2 Nb3d2
42.f4 gxf4
43.gxf4 h4
44.f5 Nd2f3
45.Ke4 Nf3e5
46.b3 Kd6
47.Kf4 Kd5
48.Ke3 a5
49.Nf2e4 Ne5d7
50.Kf4 h3
51.Ne4f2 h2
52.Kg3 Ke5
53.Kxh2 Kxf5
54.Kg3 Nd7c5
55.b4 axb4
56.cxb4 Nc5e4
57.Nf2xe4 Kxe4
58.b5 b6
59.Kf2 Kf4
60.Ke2 Kg3
61.Kf1 f5
62.Kg1 f4
63.Kf1 Kf3
{ resign }
0-1

[Event "Tourn. n9245"]
[Site "www.chess-mail.com"]
[Date "2017.05.22"]
[Round "1"]
[White "Falcoale"]
[Black "Picifarkinca"]
[WhiteElo "1960"]
[BlackElo "1840"]
[Result "0-1"]
[Round "1"]
1.e4 g6
2.d4 Bf8g7
3.Ng1f3 d6
4.h3 Nb8d7
5.Bc1e3 Ng8f6
6.Bf1d3 e5
7.dxe5 dxe5
8.O-O O-O
9.Nb1c3 Rf8e8
10.Be3g5 c6
11.Nf3h2 Qd8b6
12.Ra1b1 Nd7c5
13.b4 Nc5e6
14.Bg5e3 Ne6d4
15.Nc3a4 Qb6d8
16.Na4c5 Nd4e6
17.Nc5xe6 Bc8xe6
18.Qd1e1 b6
19.Be3g5 Qd8d4
20.Nh2f3 Qd4d6
21.a3 a5
22.Rb1d1 Qd6f8
23.Qe1d2 Ra8d8
24.Qd2c1 axb4
25.axb4 Qf8xb4
26.Nf3xe5 Qb4c5
27.Ne5f3 Rd8a8
28.Nf3d2 Ra8a2
29.Bg5e3 Qc5b4
30.Nd2b3 Be6xb3
31.cxb3 c5
32.Qc1b1 Re8a8
33.Be3d2 Ra2xd2
34.Rd1xd2 Qb4xd2
35.Rf1d1 Qd2a2
36.Bd3c4 Qa2xb1
37.Rd1xb1 Nf6xe4
38.Rb1d1 Bg7d4
39.Kh2 Ne4xf2
40.Rd1f1 Ra8a1
41.Rf1xa1 Bd4xa1
{ resign }
0-1

[Event "Tourn. n9261"]
[Site "www.chess-mail.com"]
[Date "2017.05.22"]
[Round "1"]
[White "Mihaiiorga"]
[Black "Iko"]
[WhiteElo "1879"]
[BlackElo "1630"]
[Result "1-0"]
[Round "1"]
1.e4 e5
2.Ng1f3 d6
3.c3 Bc8g4
4.Bf1e2 Nb8c6
5.d4 exd4
6.Nf3xd4 Nc6xd4
7.cxd4 Bg4xe2
8.Qd1xe2 Qd8d7
9.Nb1c3 O-O-O
10.O-O Rd8e8
11.f4 c6
12.f5 d5
13.e5 Bf8d6
14.Qe2g4 Bd6f8
15.Bc1f4 Ng8h6
16.Bf4xh6 gxh6
17.Ra1b1 Bf8b4
18.Qg4f4 h5
19.Qf4h6 Re8e7
20.Qh6xh5 Qd7c7
21.Rb1c1 Qc7a5
22.f6 Re7e6
23.Qh5xf7 Rh8e8
24.a3 Bb4xc3
25.Rc1xc3 Qa5b6
26.Qf7xe6 Re8xe6
27.f7 Kd8
28.f8Q Re6e8
29.Qf8d6 Kc8
30.Qd6b4 Qb6xb4
31.axb4 Re8e6
32.b5 Kb8
33.bxc6 bxc6
34.Rf1f6 Re6e8
35.Rf6xc6 Kb7
36.Rc6c7 Kb8
37.Rc7xh7 Re8f8
38.Rc3c7 Rf8c8
39.Rc7xc8 Kxc8
40.Rh7xa7 Kb8
41.Ra7d7 Kc8
42.e6 Kb8
43.h4 Kc8
44.h5 Kb8
45.h6 Kc8
{ time. }
1-0

[Event "Tourn. n9335"]
[Site "www.chess-mail.com"]
[Date "2017.05.22"]
[Round "1"]
[White "Pdebonis"]
[Black "Coolant"]
[WhiteElo "2640"]
[BlackElo "2310"]
[Result "1-0"]
[Round "1"]
1.e4 Nb8c6
2.Ng1f3 e5
3.Bf1b5 f5
4.Nb1c3 fxe4
5.Nc3xe4 Ng8f6
6.Ne4xf6 Qd8xf6
7.Qd1e2 Bf8e7
8.Bb5xc6 dxc6
9.Nf3xe5 Bc8f5
10.O-O Bf5xc2
11.d3 O-O-O
12.Rf1e1 Be7d6
13.Qe2g4 Kb8
14.Bc1g5 Bd6xe5
15.Bg5xf6 Be5xf6
16.Ra1c1 Bc2xd3
17.b3 Rd8d4
18.Qg4f3 Rh8d8
19.h3 h6
20.Re1e6 Bf6g5
21.Rc1e1 a6
22.Re6e8 Rd8xe8
23.Re1xe8 Ka7
24.Qf3f8 Bg5f6
25.Qf8c5 b6
26.Qc5xc6 { resign }
1-0

[Event "Tourn. n9300"]
[Site "www.chess-mail.com"]
[Date "2017.05.22"]
[Round "1"]
[White "Piriot"]
[Black "Pdebonis"]
[WhiteElo "2380"]
[BlackElo "2580"]
[Result "1/2-1/2"]
[Round "1"]
1.Ng1f3 Ng8f6
2.d4 g6
3.Nb1c3 Bf8g7
4.e4 d6
5.Bf1e2 O-O
6.O-O c5
7.d5 Bc8g4
8.h3 Bg4xf3
9.Be2xf3 Nb8d7
10.Bf3e2 Qd8a5
11.Bc1d2 a6
12.Qd1c1 Qa5c7
13.a4 e6
14.dxe6 fxe6
15.Bd2f4 Qc7c6
16.Bf4g3 Ra8e8
17.Rf1e1 d5
18.exd5 exd5
19.Qc1g5 c4
20.Be2f3 Nf6e4
21.Qg5xd5 Qc6xd5
22.Nc3xd5 Ne4xg3
23.fxg3 Bg7xb2
24.Re1xe8 Bb2xa1
25.Re8xf8 { draw }
1/2-1/2

[Event "Tourn. n9296"]
[Site "www.chess-mail.com"]
[Date "2017.05.22"]
[Round "1"]
[White "Conde7"]
[Black "Jpmartinez"]
[WhiteElo "2860"]
[BlackElo "2590"]
[Result "1-0"]
[Round "1"]
1.e4 c5
2.Ng1f3 Nb8c6
3.d4 cxd4
4.Nf3xd4 g6
5.c4 Bf8g7
6.Bc1e3 Ng8f6
7.Nb1c3 O-O
8.Bf1e2 d6
9.O-O Bc8d7
10.f3 Nc6xd4
11.Be3xd4 a5
12.c5 dxc5
13.Bd4xc5 Bd7c6
14.Qd1b3 Nf6d7
15.Bc5e3 a4
16.Qb3b4 Bg7e5
17.Nc3b5 Qd8a5
18.Qb4xa5 Ra8xa5
19.Nb5d4  { time }
1-0

[Event "Tourn. n9310"]
[Site "www.chess-mail.com"]
[Date "2017.05.22"]
[Round "1"]
[White "Cristiano"]
[Black "Lucaschess"]
[WhiteElo "2240"]
[BlackElo "2070"]
[Result "0-1"]
[Round "1"]
1.e4 e5
2.f4 d5
3.exd5 c6
4.dxc6 Bf8c5
5.d3 Qd8b6
6.Ng1f3 Bc5f2
7.Ke2 Nb8xc6
8.Nb1c3 Bf2d4
9.Nc3d5 Qb6a5
10.c4 b5
11.Nf3xd4 Nc6xd4
12.Kf2 bxc4
13.dxc4 Ng8h6
14.h3 Nh6f5
15.fxe5 Qa5c5
16.Nd5e3 Qc5xe5
17.Ne3xf5 Bc8xf5
18.Bf1d3 O-O
19.g3 Ra8d8
20.Bc1f4 Qe5f6
21.Bd3xf5 Qf6xf5
22.Kg1 Nd4c2
23.Qd1c1 Nc2xa1
24.Qc1xa1 Qf5c5
25.Kh2 Qc5f2

0-1

[Event "Tourn. n9320"]
[Site "www.chess-mail.com"]
[Date "2017.05.22"]
[Round "1"]
[White "Andychesston"]
[Black "Wwgia"]
[WhiteElo "1990"]
[BlackElo "1900"]
[Result "1-0"]
[Round "1"]
1.e4 c5
2.Ng1f3 Nb8c6
3.d4 cxd4
4.Nf3xd4 g6
5.b3 Bf8g7
6.Bc1b2 Ng8f6
7.Bf1d3 O-O
8.Nd4xc6 dxc6
9.Nb1d2 Qd8c7
10.h3 Rf8d8
11.Qd1f3 a6
12.O-O-O b5
13.Rh1e1 Bc8b7
14.Kb1 c5
15.Qf3g3 Qc7c6
16.f3 c4
17.bxc4 bxc4
18.Nd2xc4 Ra8b8
19.Kc1 Bb7c8
20.Qg3xb8 { resign }
1-0

[Event "Tourn. n9325"]
[Site "www.chess-mail.com"]
[Date "2017.05.22"]
[Round "1"]
[White "Pdebonis"]
[Black "Chessington"]
[WhiteElo "2590"]
[BlackElo "2240"]
[Result "1/2-1/2"]
[Round "1"]
1.d4 e6
2.c4 Ng8f6
3.Nb1c3 Bf8b4
4.e3 O-O
5.Bf1d3 d5
6.Ng1f3 b6
7.O-O Bc8b7
8.a3 Bb4d6
9.b4 dxc4
10.Bd3xc4 Nb8d7
11.Bc1b2 a5
12.b5 Qd8e7
13.Nf3d2 e5
14.Rf1e1 Ra8e8
15.f3 Qe7d8
16.d5 Nd7c5
17.e4 Nf6h5
18.Kh1 Qd8h4
19.Re1e3 Qh4f4
20.Qd1e1 f5
21.Nd2b3 Qf4h6
22.Nb3xc5 Bd6xc5
23.Re3d3 f4
24.h3 Bc5d6
25.a4 g5
26.Bb2a3 Nh5f6
{ draw }
1/2-1/2

[Event "Tourn. n9322"]
[Site "www.chess-mail.com"]
[Date "2017.05.22"]
[Round "1"]
[White "Joseph1983"]
[Black "Faerieking"]
[WhiteElo "2180"]
[BlackElo "2220"]
[Result "0-1"]
[Round "1"]
1.Ng1f3 Ng8f6
2.d3 d5
3.Bc1g5 Nb8d7
4.Nb1d2 e6
5.e4 dxe4
6.dxe4 Bf8e7
7.Bf1c4 c6
8.a4 a5
9.Qd1e2 O-O
10.O-O Qd8c7
11.e5 Nf6d5
12.Bg5xe7 Nd5xe7
13.c3 Nd7b6
14.Bc4b3 Nb6d5
15.Nd2e4 Bc8d7
16.Ra1d1 Kh8
17.Nf3g5 f6
18.exf6 gxf6
19.Ng5xh7 Kxh7
20.Qe2h5 Kg7
21.Rd1d3 Ne7f5
22.Qh5g4 Kf7
23.Rf1d1 Rf8h8
24.g3 Ra8g8
25.Qg4e2 Bd7c8
26.Kh1 Rh8h3
27.c4 Nd5b4
28.Ne4d6 Nf5xd6
29.Rd3xd6 Rg8h8
30.Kg2 Rh3xh2
31.Kf3 c5
32.Qe2e3 Rh8h5
33.Kg4 e5
34.Kf3 Rh5f5
{ resign }
0-1

[Event "Tourn. n9289"]
[Site "www.chess-mail.com"]
[Date "2017.05.22"]
[Round "1"]
[White "Conde7"]
[Black "Numanoid"]
[WhiteElo "2870"]
[BlackElo "2420"]
[Result "1-0"]
[Round "1"]
1.e4 d6
2.d4 Ng8f6
3.Nb1c3 e5
4.dxe5 dxe5
5.Qd1xd8 Kxd8
6.Bc1d2 c6
7.Bf1c4 Ke8
8.f4 exf4
9.e5 Nf6g4
10.Bd2xf4 g5
11.Bf4xg5 Ng4xe5
12.Bg5f6 Ne5xc4
13.Bf6xh8 Nc4e3
14.Kf2 Ne3xc2
15.Ra1c1 Bf8c5
16.Ke2 Nc2d4
17.Bh8xd4 Bc5xd4
18.Ng1f3 Bd4g7
19.Nc3b5 Nb8a6
20.Nb5d6 Ke7
21.Nd6xc8 Ra8xc8
22.Rh1d1 Na6b4
23.Rc1c4 Nb4d5
24.Rd1xd5 { resign }
1-0

[Event "Match"]
[Site "www.echecsemail.com"]
[Date "2017.05.22"]
[Round "1"]
[White "Joseph1983"]
[Black "Juodivarnai"]
[WhiteElo "2180"]
[BlackElo "2140"]
[Result "1-0"]
[Round "1"]
1.Ng1f3 g6
2.g3 Bf8g7
3.Bf1g2 e5
4.d3 d5
5.O-O Ng8e7
6.e4 d4
7.Nb1a3 O-O
8.Na3c4 Nb8c6
9.a4 Bc8g4
10.h3 Bg4xf3
11.Qd1xf3 f5
12.exf5 Ne7xf5
13.Qf3e2 Nf5e7
14.Bc1g5 Qd8d7
15.Bg5xe7 Qd7xe7
16.Bg2xc6 bxc6
17.f4 exf4
18.Qe2xe7 { resign }
1-0

[Event "Match"]
[Site "www.echecsemail.com"]
[Date "2017.05.22"]
[Round "1"]
[White "Liencam2"]
[Black "Ketchuplover"]
[WhiteElo "2320"]
[BlackElo "1790"]
[Result "1-0"]
[Round "1"]
1.e4 c6
2.d4 d5
3.f3 g6
4.Nb1c3 Bf8g7
5.Bc1e3 e6
6.Qd1d2 Ng8e7
7.O-O-O O-O
8.h4 h5
9.Bf1d3 dxe4
10.fxe4 Bg7xd4
11.Be3h6 Bd4g7
12.g4 Nb8d7
13.gxh5 Nd7e5
14.Bh6xg7 Kxg7
15.h6 Kh7
16.Qd2f4 Ne5xd3
17.Rd1xd3 Qd8e8
18.h5 Ne7g8
19.hxg6 fxg6
20.Qf4h4 e5
21.Ng1h3 Bc8xh3
22.Qh4xh3 Rf8f7
23.Rd3g3 Ng8e7
24.Qh3e6 { resign }
1-0

[Event "Match"]
[Site "www.echecsemail.com"]
[Date "2017.05.22"]
[Round "1"]
[White "Ssharp"]
[Black "Bojan"]
[WhiteElo "2310"]
[BlackElo "2020"]
[Result "1-0"]
[Round "1"]
1.e4 e5
2.f4 exf4
3.Ng1f3 Bf8e7
4.Bf1c4 Be7h4
5.Kf1 d6
6.d4 Nb8c6
7.Bc1xf4 Bc8g4
8.c3 h6
9.Nb1d2 Bh4e7
10.Kf2 Ng8f6
11.Rh1e1 Nf6h5
12.Bf4e3 Nh5f6
13.Qd1c2 Bg4h5
14.h3 Bh5g6
15.Bc4d3 Qd8d7
16.b4 a6
17.a4 Nc6a7
18.Kg1 c6
19.Nd2c4 Na7c8
20.Nf3h4 Bg6h7
21.Nh4f5 Bh7xf5
22.exf5 Nf6d5
23.Be3d2 f6
24.Re1e4 Kd8
25.Ra1e1 b5
26.axb5 axb5
27.Nc4a5 Kc7
28.c4 bxc4
29.Na5xc4 Nc8b6
30.b5 Rh8e8
31.Nc4a5 c5
32.Na5c6 Be7f8
33.dxc5 dxc5
34.Re4e6 Bf8d6
35.Nc6b4 Re8xe6
36.fxe6 Qd7e7
37.Bd3e4 Nd5xb4
38.Bd2xb4 Ra8c8
39.Be4f3 Kb8
40.Bb4a5 Qe7c7
41.Re1a1 Bd6e5
42.Ra1a2 c4
43.Kf1 c3
44.Bf3c6 Be5d4
45.Qc2e4 Bd4c5
46.Ba5xb6 Qc7xb6
47.Qe4f4 { resign }
1-0

[Event "Match"]
[Site "www.echecsemail.com"]
[Date "2017.05.22"]
[Round "1"]
[White "Carazo"]
[Black "Midknightblu"]
[WhiteElo "1680"]
[BlackElo "1579"]
[Result "1-0"]
[Round "1"]
1.e4 e5
2.Ng1f3 Nb8c6
3.Bf1c4 Ng8f6
4.Nf3g5 d5
5.exd5 Nf6xd5
6.d3 Bf8e7
7.Ng5xf7 Kxf7
8.Qd1f3 Be7f6
9.Bc4xd5 Bc8e6
10.Bd5xc6 bxc6
11.Nb1c3 Be6d5
12.Nc3xd5 cxd5
13.O-O h6
14.Rf1e1 Qd8d6
15.a4 Ra8e8
16.b3 e4
17.dxe4 Re8xe4
18.Bc1e3 a6
19.Ra1b1 Re4h4
20.g3 Rh4b4
21.Be3a7 Rh8e8
22.Qf3h5 Kg8
23.Re1xe8 Kh7
24.h4 g6
25.Qh5f3 Bf6g7
26.Qf3e3 d4
27.Qe3e1 Rb4b7
28.Re8e6 Qd6b4
29.Qe1xb4 Rb7xb4
30.Re6xa6 Bg7e5
31.Rb1e1 Be5g7
32.Re1e7 d3
33.cxd3 Rb4xb3
34.d4 Rb3f3
35.Ra6c6 Rf3f8
36.Rc6xc7 Rf8g8
37.d5 g5
38.Ba7d4 Kg6
39.Bd4xg7 Rg8d8
40.a5 Rd8xd5
41.a6 Rd5d8
42.Bg7e5 Rd8a8
43.Re7g7 Kh5
44.Rg7h7 Ra8xa6
45.g4 Kxg4
46.Be5g7 Kh3
47.hxg5 Ra6a4
48.Rh7xh6 Kg4
49.Kg2 Ra4f4
50.g6 Kg5
51.f3 Rf4f5
52.Rc7f7 { resign }
1-0

[Event "1/64 Finale"]
[Site "www.chess-mail.com"]
[Date "2017.05.22"]
[Round "1"]
[White "Leonger"]
[Black "Attatroll"]
[WhiteElo "2440"]
[BlackElo "2060"]
[Result "1-0"]
[Round "1"]
1.e4 d6
2.d4 Ng8f6
3.Nb1c3 g6
4.Bc1g5 Bf8g7
5.Ng1f3 O-O
6.Qd1d2 Nb8c6
7.d5 Nc6b8
8.Bf1e2 Nb8d7
9.Nf3d4 Nd7e5
10.f4 Ne5g4
11.h3 Ng4h6
12.g4 a6
13.f5 Nh6xf5
14.gxf5 gxf5
15.exf5 Bc8d7
16.Rh1g1 Kh8
17.Be2d3 c5
18.dxc6 bxc6
19.O-O-O Qd8a5
20.Rd1e1 Nf6d5
21.f6 exf6
22.Bg5h6 Rf8g8
23.Bh6xg7 Rg8xg7
24.Rg1xg7 Nd5xc3
25.Rg7xh7 Kg8
26.Rh7h8 { resign }
1-0

[Event "Fast Game"]
[Site "www.echecsemail.com"]
[Date "2017.05.22"]
[Round "1"]
[White "Add"]
[Black "Mihaiiorga"]
[WhiteElo "1900"]
[BlackElo "1989"]
[Result "0-1"]
[Round "1"]
1.e4 c5
2.Ng1f3 d6
3.h3 Ng8f6
4.Nb1c3 a6
5.d4 cxd4
6.Nf3xd4 e5
7.Nd4f3 Nb8c6
8.a3 Bf8e7
9.Bf1c4 O-O
10.Nf3g5 b5
11.Bc4xf7 Rf8xf7
12.Ng5xf7 Kxf7
13.Bc1g5 Bc8e6
14.Bg5xf6 Be7xf6
15.O-O Qd8d7
16.Nc3d5 Be6xd5
17.Qd1xd5 Kf8
18.c3 Ra8d8
19.Ra1d1 Nc6e7
20.Qd5d3 d5
21.Rf1e1 d4
22.c4 Rd8c8
23.cxb5 axb5
24.Rd1c1 Qd7b7
25.g3 Ne7c6
26.h4 Nc6e7
27.Rc1c2 Rc8xc2
28.Qd3xc2 b4
29.Qc2b3 Ne7c6
30.Re1c1 Nc6d8
31.Rc1e1 bxa3
32.Qb3xa3 Bf6e7
33.Qa3a2 Be7b4
34.Re1d1 Qb7xe4
35.Qa2b3 Bb4e7
36.Rd1d3 g6
37.Rd3f3 Kg7
38.Kg2 Qe4c6
39.Kh2 Qc6e6
40.Qb3c2 e4
41.Rf3f4 d3
42.Qc2c3 Be7f6
43.Qc3b4 Qe6d5
44.Rf4xe4 d2
45.Re4e8 Qd5f7
46.Re8xd8 Bf6xd8
47.Qb4xd2 Qf7c7
48.b3 Bd8xh4
49.Qd2d5 Bh4f6
50.b4 Qc7f7
51.Qd5d2 Qf7b7
52.Qd2d6 Bf6e7
53.Qd6e5 Be7f6
54.Qe5c5 Qb7d7
55.b5 Bf6d4
{ resign }
0-1

[Event "Tourn. n9289"]
[Site "www.chess-mail.com"]
[Date "2017.05.23"]
[Round "1"]
[White "Pdebonis"]
[Black "Bitcoin"]
[WhiteElo "2550"]
[BlackElo "2269"]
[Result "0-1"]
[Round "1"]
1.d4 Ng8f6
2.c4 e6
3.g3 Bf8b4
4.Bc1d2 Bb4e7
5.Bf1g2 d5
6.Ng1f3 c6
7.O-O O-O
8.Bd2f4 dxc4
9.Nf3e5 Nf6d5
10.Ne5xc4 Nd5xf4
11.gxf4 Nb8d7
12.Nb1c3 Nd7b6
13.Qd1d3 Nb6xc4
14.Qd3xc4 f5
15.e3 Rf8f6
16.a3 Be7d6
17.Nc3e2 Bc8d7
18.Ne2g3 Kh8
19.Rf1d1 Rf6h6
20.Qc4c3 Qd8h4
21.h3 Qh4f6
22.Ra1c1 Ra8b8
23.Rd1d3 Rb8g8
24.Rc1c2 g5
25.fxg5 Rg8xg5
26.e4 Bd6e7
27.e5 Qf6f8
28.Qc3b3 f4
29.Qb3xb7 Bd7e8
30.Rd3f3 Rg5g7
31.Qb7a8 Rg7g8
32.Qa8xa7 Be7h4
33.Kh1 Be8h5
34.Ng3xh5 Rh6xh5
35.Rc2xc6 Qf8f5
36.Qa7a6 Rh5g5
37.Qa6f1 Rg5xg2
38.Qf1xg2 Rg8xg2
39.Kxg2 Qf5g6
40.Kf1 Qg6e4
41.Rc6c8 Kg7
42.Rc8c3 Qe4xd4
43.b4 Qd4xe5
44.Rc3c4 Qe5a1
45.Kg2 e5
46.b5 Qa1a2
47.Rc4c7 Kh6
48.Rc7c5 Qa2g8
{ resign }
0-1

[Event "Tourn. n9339"]
[Site "www.chess-mail.com"]
[Date "2017.05.23"]
[Round "1"]
[White "Chessington"]
[Black "Sachpat"]
[WhiteElo "2390"]
[BlackElo "2780"]
[Result "1/2-1/2"]
[Round "1"]
1.Ng1f3 Ng8f6
2.g3 c5
3.Bf1g2 Nb8c6
4.O-O d5
5.d4 cxd4
6.Nf3xd4 e5
7.Nd4xc6 bxc6
8.c4 Bc8e6
9.Qd1a4 Qd8d7
10.Nb1c3 Ra8c8
11.cxd5 cxd5
12.Qa4xd7 Kxd7
13.Rf1d1 Bf8c5
14.Nc3xd5 Nf6xd5
15.Bg2xd5 Be6xd5
16.Rd1xd5 Ke6
17.Rd5d2 Rh8d8
18.Kf1 Bc5b6
19.Rd2xd8 Rc8xd8
20.Bc1g5 f6
21.Bg5e3 Bb6xe3
22.fxe3 Rd8d2
23.Ra1b1 { draw }
1/2-1/2

[Event "Tourn. n9252"]
[Site "www.chess-mail.com"]
[Date "2017.05.23"]
[Round "1"]
[White "Seger"]
[Black "Rons"]
[WhiteElo "2780"]
[BlackElo "2530"]
[Result "1-0"]
[Round "1"]
1.d4 Ng8f6
2.c4 e6
3.g3 d5
4.cxd5 Bf8b4
5.Bc1d2 Bb4xd2
6.Nb1xd2 exd5
7.Qd1c2 O-O
8.e3 Nb8c6
9.Ra1c1 Rf8e8
10.Ng1f3 Nf6e4
11.Nd2xe4 dxe4
12.Nf3d2 Bc8e6
13.a3 Be6d5
14.Bf1g2 f5
15.O-O Qd8e7
16.Rf1e1 Qe7f7
17.Qc2c5 Re8d8
18.f3 exf3
19.Nd2xf3 h6
20.Nf3h4 Bd5xg2
21.Nh4xg2 g5
22.Qc5b5 Ra8b8
23.Re1f1 Rd8d5
24.Qb5b3 Nc6a5
25.Qb3c2 Rb8d8
26.Qc2xc7 Rd8f8
27.Qc7xf7 Rf8xf7
28.b4 Na5c6
29.Kf2 Rd5d8
30.Ke2 Kg7
31.Rc1c5 Rd8e8
32.Kd3 Kg6
33.h3 Re8e7
34.Ng2e1 Rf7f6
35.Rc5d5 Rf6e6
36.Ne1c2 Re7f7
37.b5 Nc6b8
38.a4 Re6f6
39.Nc2a3 Rf7d7
40.Rd5c5 Rd7e7
41.Na3c4 Nb8d7
42.Rc5c7 Rf6e6
43.Rc7xb7 Nd7c5
44.dxc5 Re7xb7
45.c6 Rb7b8
46.Kd4 f4
47.gxf4 Kf6
48.fxg5 Ke7
49.Rf1f5 hxg5
50.Rf5xg5 Kf6
51.c7 Rb8c8
52.Rg5c5 Re6e7
53.b6 Re7d7
54.Rc5d5 Rd7xc7
55.bxc7 { resign }
1-0

[Event "Tourn. n9295"]
[Site "www.chess-mail.com"]
[Date "2017.05.23"]
[Round "1"]
[White "Add"]
[Black "Paulsyd"]
[WhiteElo "2170"]
[BlackElo "2170"]
[Result "0-1"]
[Round "1"]
1.e4 d5
2.e5 Bc8f5
3.d4 e6
4.Bf1d3 Bf5xd3
5.Qd1xd3 c5
6.dxc5 Bf8xc5
7.Ng1f3 Nb8c6
8.c3 Ng8e7
9.Bc1g5 Qd8b6
10.Qd3d2 O-O
11.O-O Ne7g6
12.b4 Bc5e7
13.Bg5xe7 Nc6xe7
14.Rf1e1 a5
15.bxa5 Qb6xa5
16.a4 Rf8c8
17.Nf3d4 Ne7c6
18.Qd2e3 Nc6xe5
19.Nd4b5 Rc8c4
20.Nb1d2 Rc4xa4
21.Ra1xa4 Qa5xa4
22.Nb5d4 Ra8c8
23.Nd2b3 Ne5c4
24.Qe3h3 Nc4d6
25.Re1a1 Qa4c4
26.Nb3d2 Qc4xc3
27.Qh3xc3 Rc8xc3
28.Nd4b3 f6
29.g3 Kf7
30.Kg2 e5
31.Ra1c1 d4
32.Rc1e1 Ng6e7
33.Nb3c1 Ne7c6
34.Nc1e2 Rc3c2
35.Nd2b3 d3
{ resign }
0-1

[Event "Tourn. n9343"]
[Site "www.chess-mail.com"]
[Date "2017.05.23"]
[Round "1"]
[White "Cjood"]
[Black "Ditto"]
[WhiteElo "1849"]
[BlackElo "1710"]
[Result "1-0"]
[Round "1"]
1.g3 d5
2.Bf1g2 Ng8f6
3.c4 Bc8f5
4.d3 e6
5.Bc1f4 Nb8c6
6.cxd5 exd5
7.Ng1f3 Bf8c5
8.O-O O-O
9.Nb1d2 Rf8e8
10.Nd2b3 Bc5b6
11.e3 Bf5g4
12.Rf1e1 Qd8d7
13.a4 Nc6b4
14.a5 Bg4xf3
15.Bg2xf3 c5
16.axb6 a6
17.Nb3xc5 Qd7e7
18.d4 Nb4c6
19.Bf4g5 Qe7d8
20.Bg5xf6 Qd8xf6
21.Bf3xd5 Ra8b8
22.Nc5d7 Qf6g5
23.Bd5xc6 bxc6
24.Nd7xb8 Re8xb8
25.Ra1xa6 Qg5b5
26.Qd1a1 h6
27.Qa1a4 Qb5xb2
28.Qa4xc6 Qb2b4
29.Re1a1 Kh7
30.Qc6e4 g6
31.Ra1b1 Qb4d6
32.f4 Qd6d7
33.Ra6a7 { resign }
1-0

[Event "Tourn. n9350"]
[Site "www.chess-mail.com"]
[Date "2017.05.23"]
[Round "1"]
[White "Picifarkinca"]
[Black "Prize64"]
[WhiteElo "2090"]
[BlackElo "2100"]
[Result "1/2-1/2"]
[Round "1"]
1.Ng1f3 Ng8f6
2.g3 g6
3.Bf1g2 Bf8g7
4.O-O O-O
5.d4 d6
6.c4 Nb8c6
7.Nb1c3 a6
8.a4 a5
9.e4 Bc8g4
10.Bc1e3 e5
11.d5 Nc6d4
12.Be3xd4 exd4
13.Qd1xd4 Nf6d7
14.Qd4e3 Nd7c5
15.Nf3d2 Ra8a6
16.h3 Bg4d7
17.b3 Qd8f6
18.Nc3b5 Bd7xb5
19.cxb5 Ra6a8
20.Ra1c1 b6
21.Rc1xc5 dxc5
22.Nd2c4 Qf6c3
23.Qe3xc3 Bg7xc3
24.f4 Bc3d4
25.Kh2 Ra8b8
26.e5 Kg7
{ draw }
1/2-1/2

[Event "Tourn. n9336"]
[Site "www.chess-mail.com"]
[Date "2017.05.23"]
[Round "1"]
[White "Mitja"]
[Black "Sae80"]
[WhiteElo "2020"]
[BlackElo "2149"]
[Result "0-1"]
[Round "1"]
1.d4 d5
2.e3 e6
3.c3 c5
4.dxc5 Bf8xc5
5.Nb1d2 Ng8f6
6.Nd2b3 Bc5d6
7.Ng1f3 e5
8.Bf1e2 O-O
9.h3 Bc8e6
10.O-O Nb8c6
11.Rf1e1 Qd8d7
12.Nf3h2 e4
13.Nh2g4 Nf6xg4
14.Be2xg4 Nc6e5
15.Bg4xe6 fxe6
16.Nb3d4 Rf8f6
17.b3 Qd7f7
18.Re1f1 Ne5f3
19.Kh1 Qf7h5
20.Nd4e2 Rf6h6
21.Ne2g1 Ra8f8
22.Bc1b2 Rf8f6
23.c4 Rf6g6
24.Qd1e2 Rg6xg2
25.Kxg2 Qh5g6
26.Kh1 Qg6g4
27.Rf1d1 Rh6xh3
{ resign }
0-1

[Event "Tourn. n9256"]
[Site "www.chess-mail.com"]
[Date "2017.05.23"]
[Round "1"]
[White "Roque1"]
[Black "Paulsyd"]
[WhiteElo "1830"]
[BlackElo "1959"]
[Result "0-1"]
[Round "1"]
1.e4 c5
2.Ng1f3 e6
3.d4 cxd4
4.Nf3xd4 a6
5.Bf1e2 b5
6.Bc1e3 Bc8b7
7.Nb1c3 b4
8.Nc3a4 Bb7xe4
9.c3 Be4xg2
10.Rh1g1 Bg2e4
11.Na4c5 Bf8xc5
12.cxb4 Bc5xb4
13.Kf1 Qd8h4
14.Be2f3 Qh4h3
15.Rg1g2 Be4xf3
16.Nd4xf3 Ng8f6
17.Nf3e5 Nf6d5
18.Be3g5 f6
19.Ra1c1 O-O
20.Bg5xf6 Nd5f4
21.Qd1g4 Qh3xg2
22.Qg4xg2 Nf4xg2
23.Bf6xg7 Kxg7
24.Kxg2 Rf8f5
25.Ne5d3 Nb8c6
26.Kg3 Bb4d6
27.f4 Nc6b4
28.Nd3xb4 Bd6xf4
{ resign }
0-1

[Event "Tourn. n9355"]
[Site "www.chess-mail.com"]
[Date "2017.05.23"]
[Round "1"]
[White "Bira47"]
[Black "Bojan"]
[WhiteElo "2000"]
[BlackElo "1940"]
[Result "1-0"]
[Round "1"]
1.c4 g6
2.g3 d5
3.Bf1g2 dxc4
4.Qd1a4 c6
5.Qa4xc4 Bf8g7
6.h3 Qd8b6
7.e3 Bg7xb2
8.Nb1c3 Bb2xa1
9.Nc3d5 Qb6d8
10.Nd5f4 Qd8d6
11.Ng1e2 Ba1f6
12.d4 g5
13.Nf4h5 e5
14.Nh5xf6 Ng8xf6
15.O-O Bc8e6
16.Qc4d3 Be6xa2
17.Bc1a3 Qd6d7
18.Rf1d1 exd4
19.Ne2xd4 Nb8a6
20.Qd3c2 Ba2d5
21.e4 Bd5e6
22.Nd4f5 Be6xf5
23.Rd1xd7 Bf5xd7
24.Qc2c3 Rh8g8
25.Qc3e5 Bd7e6
26.Qe5xf6 c5
27.Qf6e5 b6
28.Qe5b2 Ra8d8
29.Qb2b5 Rd8d7
30.Qb5xa6 Ke7
31.e5 Rd7c7
32.g4 Rg8d8
33.Qa6a4 Kf8
34.Qa4e4 Kg7
35.Qe4f3 Rd8g8
36.Qf3f6 Kf8
37.Qf6d8 { resign }
1-0

[Event "Tourn. n9276"]
[Site "www.chess-mail.com"]
[Date "2017.05.23"]
[Round "1"]
[White "Winston"]
[Black "Sozaro"]
[WhiteElo "1810"]
[BlackElo "1699"]
[Result "0-1"]
[Round "1"]
1.e4 e5
2.Ng1f3 Nb8c6
3.Bf1c4 Ng8f6
4.d3 Bf8c5
5.c3 d6
6.h3 a6
7.O-O O-O
8.Rf1e1 Bc5b6
9.d4 exd4
10.cxd4 Nf6xe4
11.Re1xe4 d5
12.Bc4xd5 Qd8xd5
13.Nb1c3 Qd5d8
14.Bc1g5 f6
15.Bg5f4 Bc8f5
16.Re4e2 Bf5g6
17.d5 Nc6e5
18.Nf3xe5 fxe5
19.Bf4xe5 Qd8h4
20.Qd1e1 Ra8e8
21.Kh1 Bb6xf2
22.Qe1d2 Re8xe5
23.Re2xe5 Rf8f6
24.Ra1f1 Bf2g3
25.Rf1xf6 Qh4xf6
26.Re5e1 Bg3xe1
27.Qd2xe1 b5
28.Qe1e6 Qf6xe6
29.dxe6 c6
30.g4 Kf8
31.Kg2 Ke7
32.h4 Kxe6
33.Kf3 c5
34.Nc3e4 Bg6xe4
35.Kxe4 a5
36.b3 b4
37.g5 g6
38.Kd3 Kd5
39.Ke3 c4
40.bxc4 Kxc4
{ resign }
0-1